Southville International School and Colleges
Your cart is empty.
  • Cart
  • Lists
    Public lists Eva Luna New books Lux_list list_1
    Your lists Log in to create your own lists
  • Log in to your account
  • Your cookies
  • Search history
Southville International School and Colleges
  • Advanced search
  • Recent comments
  • Most popular
  • Libraries

Log in to your account

Log in with GOOGLE


If you do not have an external account, but do have a local account, you can still log in:

  1. Home
  2. MARC view: The virtue of responsibility :
Normal view MARC view ISBD view

The virtue of responsibility : (Record no. 355239)

[ view plain ]
MARC details
000 -LEADER
fixed length control field 00476nam a2200169Ia 4500
008 - FIXED-LENGTH DATA ELEMENTS--GENERAL INFORMATION
fixed length control field 180207s9999 xx 000 0 und d
020 ## - INTERNATIONAL STANDARD BOOK NUMBER
International Standard Book Number 785373071
050 ## - LIBRARY OF CONGRESS CALL NUMBER
Item number T627 2002
100 ## - MAIN ENTRY--PERSONAL NAME
Personal name Toast, Sarah
245 #4 - TITLE STATEMENT
Title The virtue of responsibility :
245 ## - TITLE STATEMENT
Remainder of title the bell of Atri /
245 ## - TITLE STATEMENT
Statement of responsibility, etc adapted by Sarah Toast ; illustrated by Jon Goodell.
260 ## - PUBLICATION, DISTRIBUTION, ETC. (IMPRINT)
Name of publisher, distributor, etc Publications International, Ltd.,
260 ## - PUBLICATION, DISTRIBUTION, ETC. (IMPRINT)
Date of publication, distribution, etc 2002
300 ## - PHYSICAL DESCRIPTION
Extent unpaged :
300 ## - PHYSICAL DESCRIPTION
Other physical details color illustration ;
Holdings
Withdrawn status Lost status Damaged status Home library Current library Date acquired Total Checkouts Full call number Barcode Date last seen Price effective from Koha item type
      Stonyhurst Southville International School (Malarayat) Stonyhurst Southville International School (Malarayat) 02/07/2018   ER T627 2002 SSISM4784 02/07/2018 02/07/2018 Books

The virtue of responsibility :

APA

Toast S., .The virtue of responsibility. : Publications International, Ltd.

Chicago

Toast Sarah, .The virtue of responsibility. : Publications International, Ltd.

Harvard

Toast S., .The virtue of responsibility. : Publications International, Ltd.

MLA

Toast Sarah, .: Publications International, Ltd. .

  • Place hold
  • Print
  • Cite
  • Add to your cart (remove)
  • Save record
    BIBTEX Dublin Core MARCXML MARC (non-Unicode/MARC-8) MARC (Unicode/UTF-8) MARC (Unicode/UTF-8, Standard) MODS (XML) RIS
  • More searches
    Search for this title in:
    Other Libraries (WorldCat) Other Databases (Google Scholar) Online Stores (Bookfinder.com) Open Library (openlibrary.org)

Exporting to Dublin Core...

SOUTHVILLE LIBRARY

Southville International School and Colleges Library

1281 Tropical Ave. Cor. Luxembourg St., BF Homes International, Las Pinas City

Tel. No. 8256374 / 252358 Loc. 117/146

Powered by Koha